Normal view
MARC view
- Robotics Control
Entry Topical Term
001 - CONTROL NUMBER
- control field: 112957
003 - CONTROL NUMBER IDENTIFIER
- control field: NUST
005 - DATE AND TIME OF LATEST TRANSACTION
- control field: 20230601111349.0
008 - FIXED-LENGTH DATA ELEMENTS
- fixed length control field: 230601|| aca||aabn | a|a d
040 ## - CATALOGING SOURCE
- Original cataloging agency: NUST
- Transcribing agency: NUST
150 ## - HEADING--TOPICAL TERM
- Topical term or geographic name entry element: Robotics Control
670 ## - SOURCE DATA FOUND
- Source citation: Work cat.: (NUST)594877: Schilling, Robert Joseph 112856, Fundamentals of Robotics : , 2017.
